Normal view
MARC view
Entry Topical Term
001 - CONTROL NUMBER
- control field: 860645
003 - CONTROL NUMBER IDENTIFIER
- control field: OSt
005 - DATE AND TIME OF LATEST TRANSACTION
- control field: 20251231124855.0
008 - FIXED-LENGTH DATA ELEMENTS
- fixed length control field: 251231|| aca||aabn | a|a d
040 ## - CATALOGING SOURCE
- Original cataloging agency: OSt
- Transcribing agency: OSt
150 ## - HEADING--TOPICAL TERM
- Topical term or geographic name entry element: ਪੰਜਾਬੀ ਸਾਹਿਤ
670 ## - SOURCE DATA FOUND
- Source citation: Work cat.: (OSt)388115: ਪ੍ਰੀਤਮ, ਅੰਮ੍ਰਿਤਾ 860644, ਇਕ ਉਦਾਸ ਕਿਤਾਬ, 1991.
